Changing their skies : Stories from Africa.

Shranjeno v:
Bibliografske podrobnosti
Glavni avtor: Bassett, Jennifer
Format: Knjiga
Jezik:Undetermined
Izdano: Oxford Oxford University Press 2000
Teme:
Oznake: Označite
Brez oznak, prvi označite!
Thư viện lưu trữ: Trung tâm Học liệu Trường Đại học Cần Thơ
LEADER 00622nam a2200217Ia 4500
001 CTU_188422
008 210402s9999 xx 000 0 und d
020 |c 67000 
082 |a 428.4 
082 |b B471/B.2 
100 |a Bassett, Jennifer 
245 0 |a Changing their skies : 
245 0 |b Stories from Africa. 
245 0 |c Jennifer Bassett 
260 |a Oxford 
260 |b Oxford University Press 
260 |c 2000 
650 |a Reading comprehension,Short stories.,Truyện ngắn 
650 |x Problems, exercises, etc. 
904 |i Tuyến 
980 |a Trung tâm Học liệu Trường Đại học Cần Thơ